Wrześniowe dzieje sztandaru 74 Górnośląskiego Pułku Piechoty

Titel: Wrześniowe dzieje sztandaru 74 Górnośląskiego Pułku Piechoty
Verfasser:
In: Szkice lublinieckie, Band 3 (1992), Seite 58-62
alle Artikel anzeigen
Veröffentlicht: 1992
Format: Aufsatz
Sprache: Polnisch
Kein Bild verfügbar
X
alg: 39467159
001A    $01999:12-11-16 
001B    $01999:01-06-17 $t17:59:19.000 
001D    $01999:12-11-16 
001U    $0utf8 
001X    $00 
002@    $0Aox 
003@    $0394671597 
007A    $0394671597 $aHEB 
007T    $0Herdww000720 
010@    $apol 
011@    $a1992 
021A    $aWrześniowe dzieje sztandaru 74 Górnośląskiego Pułku Piechoty 
028A    $aKosmala $dWojciech 
031A    $d3 $h58-62 $j1992 
039B    $aIn $8--Abvc--. Szkice lublinieckie. - Lubliniec, 1986-. - ISSN 0860-3685 $x199200000030000942 $9182896552 

lok: 39467159 78

exp: 39467159 78 1 #EPN
201B/01 $018-11-16 $t12:21:46.000 
201U/01 $0utf8 
203@/01 $079078209X 
208@/01 $a12-11-16 $be 
209A/01 $a/ $f000 $x00 
220C/01 $aTitelaufnehmer: EW 
220C/01 $aHerkunft: IH UWr 
244Z/01 $2Trx $#Silesia $#Śląsk $#Sliezsko $#Slezsko $8--Trx--Schlesien $x01 $9391173987 
244Z/01 $aGeschichte 1921-1952 $x02 
244Z/01 $2Trx $#sõjavägi $#karyba $#Military $#katonaság $#wojskowość $#vojenstvo $#vojenství $#vojsko $#vojsko $8--Trx--Militär $x03 $9391369628 
244Z/01 $2Trx $#liputeadus $#veksilologija $#veksiloloģija $#Vexillology $#zászlótan $#weksylologia $#vexilológia $#vexilologie $#Standarten $#vexillológia $#štandardy $8--Trx--Vexillologie $x04 $9391372777 
244Z/01 $2Trx $8--Trx--Zeitschriftenaufsatz $x05 $9391384341 
247C/01 $82080>Marburg/Lahn, Herder-Institut, Forschungsbibliothek, Bibliographieportal $9336309341
LEADER 00000caa a22000002c 4500
001 394671597
003 DE-603
005 20170601175919.0
007 tu
008 161112s1992 xx |||| | u00||u|pol c
035 |a (DE-599)HEB394671597 
040 |a DE-603  |b ger  |c DE-603  |d DE-603 
041 |a pol 
100 1 |a Kosmala, Wojciech 
245 0 0 |a Wrześniowe dzieje sztandaru 74 Górnośląskiego Pułku Piechoty 
264 0 |c 1992 
773 0 8 |i In  |t Szkice lublinieckie  |d Lubliniec, 1986-  |x 0860-3685  |g Band 3 (1992), Seite 58-62  |w (DE-603)182896552  |w (DE-600)2259923-X 
924 0 |9 2080  |a (DE-603)79078209X  |b DE-2080  |c HES  |d d  |g /